000 00651nam a2200253Ia 4500
003 OSt
005 20220918174335.0
006 a|||||r|||| 00| 0
007 ta
008 220917b |||||||| |||| 00| 0 eng d
024 _a11,657
037 _cTextual
040 _aARTS
_cARTS
_beng
041 _2eng
_aeng
082 _a/\:36, L8
100 _aMehta Rohit
_924340
245 0 _aScience of meditation
260 _aDelhi
_bMotilal Banarsidass India
_c1978
300 _avi,199p.
_ccm.
500 _aBibliography 197-199p
650 _aSPIRITUALISM
942 _h/\:36, L8
_cTEXL
_2CC
999 _c152745
_d152745